| 000 | 00692nam a22002177a 4500 | ||
|---|---|---|---|
| 005 | 20141202143646.0 | ||
| 008 | 140109b xxu||||| |||| 00| 0 eng d | ||
| 020 | _a9780132567244 | ||
| 050 |
_aHF 5719 _b.M375 2012 |
||
| 100 | _aMay, Claire B. | ||
| 245 |
_aEffective writing : _ba handbook for accountants / _cClaire B. May and Gordon S. May. |
||
| 250 | _a9th ed. | ||
| 260 |
_aBoston : _bPrentice Hall, _c2012. |
||
| 300 |
_axvii, 269 p. ; _c23 cm. |
||
| 504 | _aIncludes bibliographical references and index. | ||
| 650 | _aBusiness report writing. | ||
| 650 | _aCommunication in accounting. | ||
| 700 |
_aGordon, May S. _eauthor. |
||
| 942 |
_2lcc _cBK _kFOR |
||
| 999 |
_c25968 _d25968 |
||